000 00239nam a22001097a 4500
003 OSt
008 231114b |||||||| |||| 00| 0 eng d
041 _amal
100 _aNandakumar, P.T
_95629
245 _aNalathe mazhavillukal
942 _cBK
999 _c17856
_d17856